000
00221 a2200097 4500
001
7076
100
_a
Shahane
245
_a
Solution of problems in theory of machines
260
_a
_b
Allies poone
_c
090
_c
5846
_d
5846
942
_a
NUST-CAE
_c
M
_c
32318
999
_c
242149
_d
242149